000 00735nam a2200253Ia 4500
003 OSt
005 20220925213434.0
006 a|||||r|||| 00| 0
007 ta
008 220923b |||||||| |||| 00| 0 eng d
020 _a0521259789
_ceuro 2500
037 _b239, 26/08/1987, SBD
_cGeneral Book
040 _aRTL
_cRTL
_beng
041 _2eng
_aeng
082 _aW81, M6
100 _aPorter Roy
_9146424
245 0 _aRevolution in history
260 _aLondon
_bCambridge University Press
_c1986
300 _a339p
_ccm.
650 _aRevolution
_9230303
700 _a Teich Mikulas
_9249655
942 _hW81, M6
_cGB
_2CC
999 _c562851
_d562851